[Event "2012(Zaozhuang-China) Asian Nations Chess Cup"]
[Site "ZaoZhuang, China"]
[Date "2012.05.24"]
[Round "7"]
[Board "2"]
[White "Dauletova, Gulmira"]
[Black "Batchimeg, Tuvshintugs"]
[Result "1-0"]
[WhiteElo "2278"]
[BlackElo "2363"]
[PlyCount "0"]
[EventDate "2012.05.17"]
[EventType "team"]
[EventRounds "9"]
[EventCountry "CHN"]
[WhiteTeam "Kazakhstan"]
[BlackTeam "Mongolia"]

1. e4 c5 2. Nf3 d6 3. d4 cxd4 4. Nxd4 Nf6 5. Nc3 Nc6 6. Bc4 e6 7. O-O Be7 8.
Kh1 a6 9. f4 O-O 10. Be3 Nxd4 11. Bxd4 b5 12. Bd3 b4 13. Ne2 Bb7 14. Ng3 d5 15.
e5 Ne4 16. f5 Nxg3+ 17. hxg3 exf5 18. Bxf5 g6 19. Qg4 Bg5 20. e6 f6 21. e7 Qxe7
22. Be6+ Kg7 23. Rae1 Bd2 24. Re2 Rae8 25. Qh4 g5 26. Qh5 Qxe6 27. Rxe6 Rxe6
1-0

[Event "2012(Zaozhuang-China) Asian Nations Chess Cup"]
[Site "ZaoZhuang, China"]
[Date "2012.05.24"]
[Round "7"]
[Board "3"]
[White "Bayarmaa, Bayarjargal"]
[Black "Davletbayeva, Madina"]
[Result "1-0"]
[WhiteElo "2009"]
[BlackElo "2183"]
[PlyCount "0"]
[EventDate "2012.05.17"]
[EventType "team"]
[EventRounds "9"]
[EventCountry "CHN"]
[WhiteTeam "Mongolia"]
[BlackTeam "Kazakhstan"]

1. d4 Nf6 2. c4 g6 3. Nc3 Bg7 4. e4 d6 5. Be2 O-O 6. Bg5 a6 7. a4 c5 8. d5 Qa5
9. Qd2 b5 10. cxb5 Nbd7 11. Nf3 Qb4 12. O-O Nxe4 13. Nxe4 Qxe4 14. bxa6 Nf6 15.
Bb5 Bxa6 16. Rfe1 Qf5 17. Bc6 Rab8 18. Nh4 Qg4 19. h3 Qc4 20. Rac1 Qb4 21. Rxe7
Ne4 22. Qxb4 Rxb4 23. Be3 Bxb2 24. Re1 Bc3 25. Rc1 Bf6 26. Ra7 Bc4 27. Nf3 Nc3
28. Kh2 Bxd5 29. Bxd5 Nxd5 30. Bh6 Rd8 31. a5 Ra4 32. Bg5 Kg7 33. Rd1 Nb4 34.
Kg3 Ra3 35. Be3 Ra4 36. Ng5 Bxg5 37. Bxg5 Ra3+ 38. f3 Rc8 39. Rxd6 Rc6 40. Rdd7
Ra6 41. Rxf7+ Kg8 42. Bh6 1-0

[Event "2012(Zaozhuang-China) Asian Nations Chess Cup"]
[Site "ZaoZhuang, China"]
[Date "2012.05.24"]
[Round "7"]
[Board "1"]
[White "Irine, Kharisma Sukandar"]
[Black "Tan, Zhongyi"]
[Result "0-1"]
[WhiteElo "2288"]
[BlackElo "2430"]
[PlyCount "0"]
[EventDate "2012.05.17"]
[EventType "team"]
[EventRounds "9"]
[EventCountry "CHN"]
[WhiteTeam "Indonesia"]
[BlackTeam "China 2"]

1. e4 c5 2. Nf3 Nc6 3. d4 cxd4 4. Nxd4 g6 5. c4 Bg7 6. Be3 Nf6 7. Nc3 O-O 8.
Be2 d6 9. Qd2 Ng4 10. Nxc6 bxc6 11. Bxg4 Bxg4 12. O-O a5 13. Bd4 Bxd4 14. Qxd4
e5 15. Qe3 a4 16. c5 dxc5 17. Qxc5 a3 18. Qxe5 axb2 19. Rab1 Qd2 20. Nd1 Be2
21. Rxb2 Qd3 22. Rb3 Qd7 23. Ne3 Bxf1 24. Kxf1 Rxa2 25. g3 Re8 26. Qf6 Qe6 27.
Qxe6 Rxe6 28. Rc3 h5 29. e5 Rxe5 30. Rxc6 Rb5 31. h4 Rbb2 32. Rf6 Kg7 33. Rf4
Rb6 34. Rc4 Rf6 35. Nc2 Kf8 36. Kg1 Rb2 37. Kg2 Ke7 38. Rc7+ Kd8 39. Rc4 Kd7
40. Rd4+ Rd6 41. Rxd6+ Kxd6 42. Ne3 Ra2 43. Nf1 Ke5 44. Nh2 Ke4 45. Nf1 Re2 46.
Nh2 f6 47. Nf3 Rc2 48. Ng1 Rc5 49. Nh3 g5 50. hxg5 fxg5 51. Ng1 Rf5 52. g4 hxg4
53. Ne2 Rf3 54. Ng1 Rf7 55. Ne2 Kd3 56. Ng3 Rf3 57. Nh1 Kd2 58. Ng3 Rf4 59. Kf1
Kd1 60. Ne2 Rf3 61. Nd4 Kd2 62. Kg2 Rf6 63. Kg3 Kd3 64. Nb3 Rc6 65. Kxg4 Rc3
66. Na5 Rc5 67. Nb7 Rd5 68. f4 gxf4 69. Kxf4 Kc3 70. Ke4 Kc4 71. Kf3 Kd4 0-1

[Event "2012(Zaozhuang-China) Asian Nations Chess Cup"]
[Site "ZaoZhuang, China"]
[Date "2012.05.24"]
[Round "7"]
[Board "2"]
[White "Wang, Yu A"]
[Black "Medina, Warda Aulia"]
[Result "1-0"]
[WhiteElo "2375"]
[BlackElo "2172"]
[PlyCount "0"]
[EventDate "2012.05.17"]
[EventType "team"]
[EventRounds "9"]
[EventCountry "CHN"]
[WhiteTeam "China 2"]
[BlackTeam "Indonesia"]

1. e4 e6 2. d4 d5 3. Nc3 Nf6 4. e5 Nfd7 5. Qg4 c5 6. Nb5 cxd4 7. Nf3 Nc6 8. Bf4
g6 9. O-O-O a6 10. Nbxd4 Nxd4 11. Nxd4 h5 12. Qg3 Nc5 13. Bd3 Nxd3+ 14. Qxd3
Be7 15. Kb1 Qc7 16. h4 Bd7 17. Qd2 b5 18. Rde1 a5 19. Bg5 Bb4 20. c3 Bf8 21.
Bf6 Rg8 22. Rc1 Qb6 23. f3 b4 24. c4 Bc5 25. Rhd1 Ba4 26. b3 Bd7 27. cxd5 exd5
28. e6 fxe6 29. Re1 Kf7 30. Qf4 Ke8 31. Nxe6 Bxe6 32. Rxc5 Kd7 33. Bd4 Qd6 34.
Qh6 Rae8 35. Rec1 Bf5+ 36. Ka1 Re7 37. Rxa5 Rge8 38. Ra7+ Kd8 39. Rxe7 Rxe7 40.
Qf8+ 1-0

[Event "2012(Zaozhuang-China) Asian Nations Chess Cup"]
[Site "ZaoZhuang, China"]
[Date "2012.05.24"]
[Round "7"]
[Board "3"]
[White "Chelsie, Monica Sihite"]
[Black "Wang, Jue"]
[Result "0-1"]
[WhiteElo "2181"]
[BlackElo "2364"]
[PlyCount "0"]
[EventDate "2012.05.17"]
[EventType "team"]
[EventRounds "9"]
[EventCountry "CHN"]
[WhiteTeam "Indonesia"]
[BlackTeam "China 2"]

1. e4 c5 2. Nf3 d6 3. d4 cxd4 4. Nxd4 Nf6 5. Nc3 a6 6. Be2 e6 7. O-O Be7 8. f4
Qc7 9. Bf3 O-O 10. Qe1 Nc6 11. Nxc6 bxc6 12. Kh1 Rb8 13. Nd1 Nd7 14. c3 a5 15.
b3 a4 16. b4 c5 17. a3 Ba6 18. Be2 Bb7 19. Bd3 Rfe8 20. Bc2 d5 21. e5 cxb4 22.
axb4 d4 23. f5 Qc6 24. Qg3 Bh4 25. Bxa4 Qe4 26. Nf2 Qd5 27. Qh3 Rec8 28. c4
Qxc4 29. Bd2 Bxf2 30. Rxf2 Ra8 31. Kg1 Nxe5 32. Qg3 Qd5 33. Bh6 g6 34. fxg6
Nxg6 35. Ra3 Qh5 36. Bd7 Qxh6 37. Rxa8 Rxa8 0-1

[Event "2012(Zaozhuang-China) Asian Nations Chess Cup"]
[Site "ZaoZhuang, China"]
[Date "2012.05.24"]
[Round "7"]
[Board "4"]
[White "Guo, Qi"]
[Black "Dewi, A.A Citra"]
[Result "1-0"]
[WhiteElo "2360"]
[BlackElo "2112"]
[PlyCount "0"]
[EventDate "2012.05.17"]
[EventType "team"]
[EventRounds "9"]
[EventCountry "CHN"]
[WhiteTeam "China 2"]
[BlackTeam "Indonesia"]

1. d4 Nf6 2. c4 g6 3. Nc3 Bg7 4. e4 d6 5. Nf3 O-O 6. Be2 e5 7. Be3 Na6 8. O-O
Ng4 9. Bg5 Qe8 10. h3 exd4 11. Nd5 f6 12. Bf4 d3 13. Bxd3 Ne5 14. Bxe5 fxe5 15.
c5 c6 16. Bxa6 cxd5 17. Qxd5+ Be6 18. Qxb7 Rf7 19. Qb5 Qd8 20. Qe2 dxc5 21. Bc4
Bxc4 22. Qxc4 Qe7 23. Rac1 Bf8 24. Rfd1 Re8 25. Rd5 Qf6 26. Rd7 Re6 27. Rxf7
Kxf7 28. Rd1 Be7 29. Rd7 a6 30. Qxc5 h6 31. Qe3 g5 32. g3 Kg6 33. Rd5 Bd8 34.
Qc3 Bb6 35. Rxe5 Rc6 36. Rxg5+ hxg5 37. Qxc6 1-0

[Event "2012(Zaozhuang-China) Asian Nations Chess Cup"]
[Site "ZaoZhuang, China"]
[Date "2012.05.24"]
[Round "7"]
[Board "1"]
[White "Pourkashiyan, Atousa"]
[Black "Zhai, Mo"]
[Result "1/2-1/2"]
[WhiteElo "2336"]
[BlackElo "2248"]
[PlyCount "0"]
[EventDate "2012.05.17"]
[EventType "team"]
[EventRounds "9"]
[EventCountry "CHN"]
[WhiteTeam "Iran"]
[BlackTeam "China 3"]

1. e4 c5 2. Nf3 d6 3. d4 cxd4 4. Nxd4 Nf6 5. Nc3 a6 6. Be2 e6 7. O-O Qc7 8. a4
b6 9. f4 Bb7 10. Bf3 Nc6 11. Kh1 Rc8 12. Be3 Be7 13. g4 Nd7 14. g5 Nxd4 15.
Qxd4 e5 16. Qd1 exf4 17. Bxf4 Ne5 18. Bg2 Qc5 19. Qh5 Ng6 20. Bd2 h6 21. Qf3
Ne5 22. Qh3 h5 23. g6 Nxg6 24. Rf5 Qc4 25. Rxh5 Rxh5 26. Qxh5 Rc5 27. Qh7 Nh4
28. Qxg7 Nxg2 29. Qxg2 f5 30. Re1 Re5 31. Bf4 Bxe4 32. Nxe4 Rxe4 33. Rxe4 fxe4
34. b3 Qd4 35. Qg8+ Kd7 36. Qg4+ Kc7 37. Qe2 Kb7 38. Be3 Qe5 39. Qf2 Qa1+ 40.
Kg2 Qg7+ 41. Kf1 Qg4 42. Qe2 Qf5+ 43. Ke1 Qe5 44. Qf2 Bf6 45. Bxb6 Qc3+ 46. Kd1
Qa1+ 47. Ke2 Qc3 48. Kd1 Qa1+ 49. Ke2 Qc3 50. Kd1 Qa1+ 1/2-1/2

[Event "2012(Zaozhuang-China) Asian Nations Chess Cup"]
[Site "ZaoZhuang, China"]
[Date "2012.05.24"]
[Round "7"]
[Board "2"]
[White "Ni, Shiqun"]
[Black "Khademalsharieh, Sarasadat"]
[Result "0-1"]
[WhiteElo "2157"]
[BlackElo "2284"]
[PlyCount "0"]
[EventDate "2012.05.17"]
[EventType "team"]
[EventRounds "9"]
[EventCountry "CHN"]
[WhiteTeam "China 3"]
[BlackTeam "Iran"]

1. e4 e5 2. Nf3 Nc6 3. Bc4 Bc5 4. c3 Nf6 5. d3 a6 6. Bb3 Ba7 7. O-O d6 8. Nbd2
O-O 9. h3 h6 10. Re1 Nh5 11. Nf1 Qf6 12. Be3 Nf4 13. Ng3 g6 14. d4 Ne7 15. Nh2
g5 16. dxe5 dxe5 17. Ng4 Qg7 18. Bxa7 Rxa7 19. Nf5 Nxf5 20. exf5 Bxf5 21. Nxe5
Raa8 22. Qf3 Rae8 23. Nc4 b5 24. Nd2 Qg6 25. Re3 Bd7 26. Ne4 Bc6 27. Rae1 Re7
28. g3 Rfe8 29. Bc2 Nxh3+ 30. Kh2 f5 31. Qh5 Qxh5 32. Nf6+ Kf7 33. Nxh5 Nxf2
34. Rxe7+ Rxe7 35. Rxe7+ Kxe7 36. Ng7 Ng4+ 37. Kh3 Ne3 38. Nxf5+ Nxf5 39. Bxf5
h5 40. Bg6 Be8 41. Be4 a5 42. Kg2 Kd6 43. Kf2 Bc6 44. Bf5 Ke5 45. Bh3 Bd5 46.
a3 h4 47. Bd7 c6 48. gxh4 gxh4 49. Ke3 Kd6 50. Bf5 Be6 51. Bd3 Ke5 52. Kf3 Bf5
53. Be2 h3 54. Kg3 Bd7 55. b4 a4 56. Bf3 Kd6 57. Be4 Be6 58. Bf3 Bd7 59. Be4 c5
60. bxc5+ Kxc5 61. Bd3 Be6 62. Be2 Bc4 63. Bh5 Bf1 64. Bf7 Kd6 65. Be8 Kd5 66.
Bf7+ Ke4 67. Be8 Ke3 68. Bg6 Kd2 0-1

[Event "2012(Zaozhuang-China) Asian Nations Chess Cup"]
[Site "ZaoZhuang, China"]
[Date "2012.05.24"]
[Round "7"]
[Board "3"]
[White "Ghader Pour, Shayesteh"]
[Black "Lei, Tingjie"]
[Result "0-1"]
[WhiteElo "2241"]
[BlackElo "2154"]
[PlyCount "0"]
[EventDate "2012.05.17"]
[EventType "team"]
[EventRounds "9"]
[EventCountry "CHN"]
[WhiteTeam "Iran"]
[BlackTeam "China 3"]

1. e4 c5 2. Nf3 g6 3. c3 d5 4. exd5 Qxd5 5. d4 Bg7 6. c4 Qe4+ 7. Be2 cxd4 8.
Nbd2 Qc6 9. O-O e5 10. Re1 Ne7 11. Bf1 Qc7 12. b4 O-O 13. b5 a6 14. b6 Qxb6 15.
Nxe5 Nbc6 16. Nd3 Bf5 17. Ba3 Qc7 18. Ne4 Rfd8 19. Rb1 b6 20. Bc1 Bxe4 21. Rxe4
Nf5 22. Bf4 Qa7 23. Re2 Nd6 24. Rc2 Rac8 25. Qc1 Ne4 26. Qa3 Nc3 27. Re1 Bf8
28. Qc1 Re8 29. Bd2 Bg7 30. a3 Na5 31. Rxe8+ Rxe8 32. Bxc3 dxc3 33. Nb4 Rc8 34.
Qf4 b5 35. cxb5 axb5 36. Bxb5 Qc5 37. Ba4 Rd8 38. Rc1 Be5 39. Qf3 Nc4 40. Bb3
Nxa3 41. Nd3 Qb5 42. Qxf7+ Kh8 43. Qe7 Re8 44. Qxa3 Qxd3 45. Rd1 Bg7 46. g3 Qf3
47. Qc5 Rf8 48. Re1 Qd3 49. Qd5 Qd2 50. Qxd2 cxd2 51. Rf1 Re8 52. Rd1 Bc3 53.
Kg2 Kg7 54. Kf3 Re1 55. h4 Kf6 56. Ba4 h6 57. Bb3 Ke5 58. Bc2 Kd4 59. Ba4 Bb4
60. Bb3 Kc3 61. Ba4 Bc5 62. g4 g5 63. hxg5 hxg5 64. Kg2 Re4 65. Bc6 Rf4 66. Bf3
Kc2 67. Ra1 Rxf3 68. Ra2+ Kd3 0-1

[Event "2012(Zaozhuang-China) Asian Nations Chess Cup"]
[Site "ZaoZhuang, China"]
[Date "2012.05.24"]
[Round "7"]
[Board "4"]
[White "Li, Xueyi"]
[Black "Hejazipour, Mitra"]
[Result "1/2-1/2"]
[WhiteElo "2082"]
[BlackElo "2223"]
[PlyCount "0"]
[EventDate "2012.05.17"]
[EventType "team"]
[EventRounds "9"]
[EventCountry "CHN"]
[WhiteTeam "China 3"]
[BlackTeam "Iran"]

1. d4 Nf6 2. c4 e6 3. Nc3 Bb4 4. e3 O-O 5. Bd3 c5 6. Nge2 cxd4 7. exd4 d5 8. a3
dxc4 9. axb4 cxd3 10. Qxd3 Nc6 11. b5 Nb4 12. Qd1 Nfd5 13. O-O b6 14. Ng3 a5
15. Nge4 Bb7 16. Qe2 Rc8 17. Ra3 Re8 18. Bg5 f6 19. Bh4 Nf4 20. Qf3 Ng6 21.
Bxf6 gxf6 22. Nxf6+ Kh8 23. Qxb7 Qxf6 24. Ne4 Qd8 25. Qf7 Rc7 26. Qf3 Qxd4 27.
g3 Rf8 28. Qe3 Qxe3 29. Rxe3 h6 30. Nc3 e5 31. h4 Rc5 32. Re2 Nd3 33. h5 Ne7
34. Na4 Rxb5 35. Rd1 Rb3 36. Re3 Nxb2 37. Rxb3 Nxd1 38. Rxb6 Nf5 39. Nc5 Nc3
40. g4 Rg8 41. f3 Kh7 42. Kf2 Nd4 43. Nd7 Rc8 44. Rb7 Kg8 45. Nf6+ Kf8 46. Nh7+
1/2-1/2

[Event "2012(Zaozhuang-China) Asian Nations Chess Cup"]
[Site "ZaoZhuang, China"]
[Date "2012.05.24"]
[Round "7"]
[Board "1"]
[White "Khegay, Anjela"]
[Black "Karavade, Eesha"]
[Result "1/2-1/2"]
[WhiteElo "2184"]
[BlackElo "2353"]
[PlyCount "0"]
[EventDate "2012.05.17"]
[EventType "team"]
[EventRounds "9"]
[EventCountry "CHN"]
[WhiteTeam "Singapore"]
[BlackTeam "India"]

1. d4 Nf6 2. c4 e6 3. Nf3 b6 4. g3 Bb7 5. Bg2 c5 6. e3 Be7 7. O-O O-O 8. Nc3
cxd4 9. exd4 Qc8 10. Qe2 d5 11. b3 Nc6 12. Bb2 dxc4 13. bxc4 Na5 14. Ne5 Bxg2
15. Kxg2 Qb7+ 16. Kg1 Rac8 17. Rac1 Rfd8 18. Rfd1 Nd7 19. Nxd7 Rxd7 20. d5 Nxc4
21. dxe6 Rxd1+ 22. Rxd1 Kf8 23. Rd7 Qc6 24. Nd5 Nxb2 25. Qf3 Qxe6 26. Rxe7 Qg6
27. Qa3 Rc5 28. Qe3 Qc6 29. Rc7 Qe6 30. Rxa7 Qxe3 31. Nxe3 1/2-1/2

[Event "2012(Zaozhuang-China) Asian Nations Chess Cup"]
[Site "ZaoZhuang, China"]
[Date "2012.05.24"]
[Round "7"]
[Board "2"]
[White "Tania, Sachdev"]
[Black "Liu, Yang Hazel"]
[Result "1-0"]
[WhiteElo "2417"]
[BlackElo "2096"]
[PlyCount "0"]
[EventDate "2012.05.17"]
[EventType "team"]
[EventRounds "9"]
[EventCountry "CHN"]
[WhiteTeam "India"]
[BlackTeam "Singapore"]

1. d4 Nf6 2. c4 e6 3. Nc3 Bb4 4. f3 d5 5. a3 Bxc3+ 6. bxc3 O-O 7. cxd5 exd5 8.
e3 Re8 9. Bd3 c5 10. Ne2 Nc6 11. O-O Rb8 12. Ng3 b5 13. Re1 a5 14. Bb2 Qb6 15.
Qd2 Be6 16. Rab1 Qa7 17. Ra1 Qb6 18. Bc2 Red8 19. Rad1 b4 20. dxc5 Qxc5 21.
cxb4 axb4 22. Bxf6 gxf6 23. Nh5 bxa3 24. Qf2 Kf8 25. Nxf6 Qc3 26. Nxh7+ Ke8 27.
Ba4 Rdc8 28. Rc1 Qg7 29. Rxc6 Rxc6 30. Bxc6+ Kd8 31. Qh4+ Kc7 32. Qf4+ Kxc6 33.
Rc1+ Kb7 34. Qc7+ Ka8 35. Qa5+ Kb7 36. Rc7+ 1-0

[Event "2012(Zaozhuang-China) Asian Nations Chess Cup"]
[Site "ZaoZhuang, China"]
[Date "2012.05.24"]
[Round "7"]
[Board "3"]
[White "Tay, Li Jin Jeslin"]
[Black "Gomes, Mary Ann"]
[Result "0-1"]
[WhiteElo "2080"]
[BlackElo "2378"]
[PlyCount "0"]
[EventDate "2012.05.17"]
[EventType "team"]
[EventRounds "9"]
[EventCountry "CHN"]
[WhiteTeam "Singapore"]
[BlackTeam "India"]

1. d4 Nf6 2. c4 c5 3. d5 e6 4. Nc3 exd5 5. cxd5 d6 6. Nf3 g6 7. Nd2 Bg7 8. e4
O-O 9. Be2 Na6 10. O-O Nc7 11. f4 Re8 12. a4 b6 13. Re1 Ba6 14. Bxa6 Nxa6 15.
a5 Nb4 16. axb6 axb6 17. Rxa8 Qxa8 18. Nc4 Qd8 19. e5 dxe5 20. d6 e4 21. Be3
Nd3 22. Rf1 Qd7 23. Nxe4 Nxb2 24. Nxb2 Nxe4 25. Nc4 Nxd6 26. Bxc5 bxc5 27. Qxd6
Bd4+ 28. Kh1 Qb5 29. Rc1 Qxc4 0-1

[Event "2012(Zaozhuang-China) Asian Nations Chess Cup"]
[Site "ZaoZhuang, China"]
[Date "2012.05.24"]
[Round "7"]
[Board "4"]
[White "Padmini, Rout"]
[Black "Chan, Wei Yi Victoria"]
[Result "1-0"]
[WhiteElo "2345"]
[BlackElo "1947"]
[PlyCount "0"]
[EventDate "2012.05.17"]
[EventType "team"]
[EventRounds "9"]
[EventCountry "CHN"]
[WhiteTeam "India"]
[BlackTeam "Singapore"]

1. e4 c5 2. Nf3 Nc6 3. d4 cxd4 4. Nxd4 Nf6 5. Nc3 d6 6. Bg5 e6 7. Qd2 Be7 8.
O-O-O O-O 9. f4 Nxd4 10. Qxd4 Qa5 11. e5 dxe5 12. Qxe5 Qxe5 13. fxe5 Nd5 14.
Bxe7 Nxe7 15. Bd3 b6 16. Be4 Rb8 17. Rhe1 Bb7 18. Nb5 Bxe4 19. Rxe4 Rb7 20. Rd3
Nd5 21. Ra3 a5 22. Rg3 Rd7 23. Rd3 Re7 24. a4 Rc8 25. c3 h5 26. Kd2 g6 27. c4
Nb4 28. Rd6 Rc6 29. Red4 Kg7 30. b3 g5 31. Rd7 Rxd7 32. Rxd7 Kg6 33. Nd6 f6 34.
Re7 fxe5 35. Rxe6+ Kh7 36. Ne4 Rxe6 37. Nxg5+ Kg6 38. Nxe6 Kf5 39. Nc7 Ke4 40.
Na8 Kd4 41. Nxb6 e4 42. Nd5 Nd3 43. Ne3 Nc5 44. Nc2+ Ke5 45. Kc3 Kf4 46. b4
axb4+ 47. Kxb4 Nd3+ 48. Kb5 e3 49. a5 e2 50. a6 e1=Q 51. Nxe1 Nxe1 52. a7 Nxg2
53. a8=Q Ne3 54. c5 Ng4 55. c6 Kg5 56. c7 Nxh2 57. Qd5+ Kh4 58. c8=Q Ng4 59.
Qcf5 Kg3 60. Qdf3+ Kh4 61. Qh1+ Kg3 62. Qff3+ 1-0

[Event "2012(Zaozhuang-China) Asian Nations Chess Cup"]
[Site "ZaoZhuang, China"]
[Date "2012.05.25"]
[Round "8"]
[Board "1"]
[White "Zhao, Xue"]
[Black "Harika, Dronavalli"]
[Result "1-0"]
[WhiteElo "2549"]
[BlackElo "2508"]
[PlyCount "0"]
[EventDate "2012.05.17"]
[EventType "team"]
[EventRounds "9"]
[EventCountry "CHN"]
[WhiteTeam "China 1"]
[BlackTeam "India"]

1. d4 Nf6 2. c4 e6 3. Nc3 Bb4 4. Qc2 O-O 5. a3 Bxc3+ 6. Qxc3 d6 7. Bg5 Nbd7 8.
Nf3 b6 9. e3 c5 10. Bd3 Ba6 11. Rd1 Rc8 12. d5 exd5 13. cxd5 Bxd3 14. Qxd3 Re8
15. O-O h6 16. Bh4 Qe7 17. Nd2 Ne5 18. Qf5 Qd7 19. Qxd7 Nfxd7 20. Bg3 f5 21. e4
g6 22. f4 Nf7 23. Rfe1 h5 24. exf5 gxf5 25. Nf1 Rxe1 26. Rxe1 c4 27. Ne3 Nh6
28. Bh4 Re8 29. Nxc4 Rxe1+ 30. Bxe1 Nf6 31. Nxd6 Nxd5 32. Bf2 Ng4 33. Nxf5 Nxf4
34. Ne7+ Kf7 35. Nc8 Nxf2 36. Kxf2 Nd3+ 37. Ke3 Nxb2 38. Kd4 Ke6 39. Nxa7 Kd7
40. Nb5 Kc6 41. Nc3 b5 42. g3 Kb6 43. h3 Nc4 44. a4 Nd6 45. Nd5+ Kb7 46. axb5
Nf5+ 47. Ke5 Nxg3 48. Kf4 Ne2+ 49. Kg5 Nd4 50. Nc3 Kb6 51. h4 Kc5 52. Kxh5 Nf3
53. Kg4 Ne5+ 54. Kf5 Nf7 55. Ke4 1-0

[Event "2012(Zaozhuang-China) Asian Nations Chess Cup"]
[Site "ZaoZhuang, China"]
[Date "2012.05.25"]
[Round "8"]
[Board "2"]
[White "Karavade, Eesha"]
[Black "Ju, Wenjun"]
[Result "0-1"]
[WhiteElo "2353"]
[BlackElo "2529"]
[PlyCount "0"]
[EventDate "2012.05.17"]
[EventType "team"]
[EventRounds "9"]
[EventCountry "CHN"]
[WhiteTeam "India"]
[BlackTeam "China 1"]

1. d4 Nf6 2. c4 g6 3. Nc3 Bg7 4. e4 d6 5. f3 O-O 6. Be3 e5 7. Nge2 c6 8. Qd2
Nbd7 9. g4 a6 10. h4 exd4 11. Nxd4 Ne5 12. Be2 c5 13. Nc2 Be6 14. O-O-O Re8 15.
Bh6 Bh8 16. Ne3 b5 17. Rdg1 Qa5 18. Kb1 bxc4 19. f4 Nd3 20. Nxc4 Bxc4 21. Bxd3
Nxe4 22. Bxe4 Rxe4 23. Re1 Bxa2+ 24. Kc1 Bxc3 25. bxc3 Bd5 26. Qb2 Ra4 0-1

[Event "2012(Zaozhuang-China) Asian Nations Chess Cup"]
[Site "ZaoZhuang, China"]
[Date "2012.05.25"]
[Round "8"]
[Board "3"]
[White "Huang, Qian"]
[Black "Tania, Sachdev"]
[Result "1-0"]
[WhiteElo "2417"]
[BlackElo "2417"]
[PlyCount "0"]
[EventDate "2012.05.17"]
[EventType "team"]
[EventRounds "9"]
[EventCountry "CHN"]
[WhiteTeam "China 1"]
[BlackTeam "India"]

1. Nf3 c5 2. c4 Nc6 3. Nc3 g6 4. e3 Bg7 5. d4 cxd4 6. exd4 d6 7. Be3 Nf6 8. d5
Nb8 9. h3 O-O 10. Be2 Nbd7 11. O-O Nc5 12. Rc1 Nfe4 13. Nxe4 Nxe4 14. Bd4 Bh6
15. Ra1 e5 16. dxe6 Bxe6 17. Qc2 Nc5 18. Rad1 Bf5 19. Qc3 Ne4 20. Qa3 Qc7 21.
Bd3 Rfe8 22. Rfe1 Qc6 23. b4 a6 24. Ba1 Bg7 25. Bxg7 Kxg7 26. Nd4 Qd7 27. Nxf5+
gxf5 28. Bxe4 Rxe4 29. Rxe4 fxe4 30. Qg3+ Kf8 31. Qxd6+ Qxd6 32. Rxd6 a5 33. a3
axb4 34. axb4 Ke7 35. Rb6 Ra7 36. Kh2 Kd7 37. Kg3 f5 38. Kf4 Kc7 39. Rh6 Ra4
40. Rxh7+ Kc8 41. Kxf5 Rxb4 42. Kxe4 Rxc4+ 43. Kd3 b5 44. Rh5 Rb4 45. Kc3 Rb1
46. Kc2 Rf1 47. Rf5 Kd7 48. h4 Rg1 49. g3 Rg2 50. Kc3 Ke6 51. Rf4 Rg1 52. h5
1-0

[Event "2012(Zaozhuang-China) Asian Nations Chess Cup"]
[Site "ZaoZhuang, China"]
[Date "2012.05.25"]
[Round "8"]
[Board "4"]
[White "Gomes, Mary Ann"]
[Black "Ding, Yixin"]
[Result "1/2-1/2"]
[WhiteElo "2378"]
[BlackElo "2353"]
[PlyCount "0"]
[EventDate "2012.05.17"]
[EventType "team"]
[EventRounds "9"]
[EventCountry "CHN"]
[WhiteTeam "India"]
[BlackTeam "China 1"]

1. Nf3 Nf6 2. g3 g6 3. b3 Bg7 4. Bb2 O-O 5. Bg2 d5 6. O-O Nc6 7. c4 d4 8. d3 a5
9. Na3 e5 10. Nc2 Re8 11. a3 Qd6 12. Ng5 Bf5 13. Ne4 Nxe4 14. dxe4 Be6 15. a4
Qd7 16. Ba3 Bf8 17. Bxf8 Rxf8 18. Qd3 Bh3 19. Bxh3 Qxh3 20. Rab1 Nd8 21. f4
exf4 22. Rxf4 c5 23. Rh4 Qe6 24. Qd2 Qe5 25. Ne1 Ne6 26. Nd3 Qg7 27. Rf1 f6 28.
Nf4 Nxf4 29. Rhxf4 b6 30. e3 dxe3 31. Qxe3 Rae8 32. Qf3 Re6 33. g4 Qe7 34. e5
f5 35. gxf5 gxf5 36. Rxf5 Rxf5 37. Qxf5 Rxe5 38. Qc8+ Kg7 39. Kh1 Re1 40. Qg4+
Kh8 41. Qc8+ Kg7 42. Qg4+ Kh8 43. Qc8+ Kg7 44. Qg4+ Kh8 1/2-1/2

[Event "2012(Zaozhuang-China) Asian Nations Chess Cup"]
[Site "ZaoZhuang, China"]
[Date "2012.05.25"]
[Round "8"]
[Board "1"]
[White "Zhai, Mo"]
[Black "Khegay, Anjela"]
[Result "0-1"]
[WhiteElo "2248"]
[BlackElo "2184"]
[PlyCount "0"]
[EventDate "2012.05.17"]
[EventType "team"]
[EventRounds "9"]
[EventCountry "CHN"]
[WhiteTeam "China 3"]
[BlackTeam "Singapore"]

1. e4 g6 2. d4 Bg7 3. Nc3 d6 4. Be3 c6 5. Qd2 Qa5 6. Nf3 Nd7 7. Bd3 Ngf6 8. h3
a6 9. O-O O-O 10. a4 e5 11. Rfd1 Re8 12. dxe5 dxe5 13. Bc4 Nf8 14. Qd6 Be6 15.
Bf1 Rad8 16. Qa3 Bc8 17. Bc5 Rxd1 18. Rxd1 N6d7 19. Bd6 Qd8 20. b4 Qf6 21. b5
Ne6 22. Ne2 c5 23. Qa1 axb5 24. axb5 b6 25. Qa7 Nd4 26. Bb8 Nxf3+ 27. gxf3 Qxf3
28. Rd3 Qxe4 29. Nc3 Qh4 30. Bg2 Nxb8 31. Qxb8 Qg5 32. Qxb6 Bf5 33. Re3 Bf8 34.
Nd5 Ra8 35. Kh2 e4 36. Rg3 Qd2 37. Qb7 Rc8 38. Nf6+ Kg7 39. Nxe4 Bxe4 40. Qxc8
Bd6 41. Qg4 f5 42. Qh4 Qxf2 0-1

[Event "2012(Zaozhuang-China) Asian Nations Chess Cup"]
[Site "ZaoZhuang, China"]
[Date "2012.05.25"]
[Round "8"]
[Board "2"]
[White "Liu, Yang Hazel"]
[Black "Ren, Xiaoyi"]
[Result "1/2-1/2"]
[WhiteElo "2096"]
[BlackElo "2202"]
[PlyCount "0"]
[EventDate "2012.05.17"]
[EventType "team"]
[EventRounds "9"]
[EventCountry "CHN"]
[WhiteTeam "Singapore"]
[BlackTeam "China 3"]

1. d4 Nf6 2. c4 g6 3. Nf3 Bg7 4. Nc3 O-O 5. e4 d6 6. Be2 e5 7. O-O Nbd7 8. Be3
a6 9. Rc1 h6 10. Ne1 Re8 11. d5 Nh7 12. Qc2 Rf8 13. Bg4 h5 14. Be2 Qe8 15. Nd3
f5 16. exf5 gxf5 17. f4 e4 18. Ne1 Nhf6 19. h3 Rf7 20. Qd1 Re7 21. Nc2 Bh6 22.
b4 Qg6 23. Qe1 Rg7 24. Qf2 h4 25. Rfd1 Nh5 26. Bxh5 Qxh5 27. Rd2 Nf8 28. Nd4
Bd7 29. c5 Kh7 30. Nce2 Be8 31. Ne6 Nxe6 32. dxe6 Bb5 33. Nd4 Rag8 34. Nxb5
axb5 35. cxd6 cxd6 36. Bd4 Re7 37. Bf6 Rxe6 38. Rc7+ Bg7 39. Bxg7 Rxg7 40.
Rxg7+ Kxg7 41. Qb6 Qf7 42. Rxd6 Rxd6 43. Qxd6 Qf6 1/2-1/2

[Event "2012(Zaozhuang-China) Asian Nations Chess Cup"]
[Site "ZaoZhuang, China"]
[Date "2012.05.25"]
[Round "8"]
[Board "3"]
[White "Lei, Tingjie"]
[Black "Tay, Li Jin Jeslin"]
[Result "1-0"]
[WhiteElo "2154"]
[BlackElo "2080"]
[PlyCount "0"]
[EventDate "2012.05.17"]
[EventType "team"]
[EventRounds "9"]
[EventCountry "CHN"]
[WhiteTeam "China 3"]
[BlackTeam "Singapore"]

1. e4 c5 2. Nf3 d6 3. d4 cxd4 4. Qxd4 Nc6 5. Bb5 Bd7 6. Bxc6 Bxc6 7. c4 Nf6 8.
Nc3 g6 9. h3 Bg7 10. O-O O-O 11. Qe3 Nd7 12. Rd1 Qb6 13. Nd4 Rac8 14. b3 a6 15.
Bb2 Nc5 16. Rac1 Rfe8 17. Ba1 Bd7 18. Nf3 e5 19. Nd5 Qc6 20. b4 Ne6 21. c5 Qb5
22. a4 Qxa4 23. Nb6 Qxb4 24. Nxd7 Nxc5 25. Nxc5 dxc5 26. Rd5 c4 27. Bxe5 f6 28.
Bc3 Qe7 29. e5 fxe5 30. Nxe5 b5 31. Qb6 Qg5 32. Re1 Rb8 33. Qxa6 b4 34. Qxc4
Qe7 35. Rd8+ 1-0